000 00314nam a2200121Ia 4500
008 190216s9999||||xx |||||||||||||| ||und||
100 _aBahl J C&Amp;Dhongde
245 0 _aElements Of Commerce And Business Methods
260 _bHimalaya Publishing House
_c1955
300 _a324p
650 _aCommerce
942 _cBK
999 _c4735
_d4735